Cirque du freak : book 1

Bibliographic Details
Main Author: Shan, Darren
Format: Book
Published: London : HarperCollins Childrens Books Publishers , 2000
Series:The Saga of Darren Shan
Subjects:

MARC

LEADER 00000cam a2200000 7i4500
001 0000026127
005 20160330.0
008 090420
020 |a 0006754169 
090 0 0 |a SHA   |b ENG 
100 1 |a Shan, Darren 
245 1 0 |a Cirque du freak :   |b book 1   |c Darren Shan 
260 |a London :   |b HarperCollins Childrens Books Publishers ,   |c 2000 
440 |a The Saga of Darren Shan 
500 |a Teenager ages 13-18 years old (blue) 
650 0 |a Best friends   |x fiction 
650 0 |a Conduct of life   |x fiction 
650 0 |a Freak shows   |x fiction 
650 0 |a Friendship   |x fiction 
650 0 |a Horror stories 
650 0 |a Spiders   |x fiction 
650 0 |a Vampires   |x fiction 
999 |a 0001041073   |b Book   |c Teenagers   |e Perbadanan Perpustakaan Awam Johor 
999 |a 0001041075   |b Book   |c Teenagers   |e Perbadanan Perpustakaan Awam Johor 
999 |a 0001041076   |b Book   |c Teenagers   |e Perbadanan Perpustakaan Awam Johor